[Event "Clichy intern op 0304"]
[Site "Clichy"]
[Date "2003.12.04"]
[Round "3"]
[White "Gruhn, Christophe"]
[Black "Lautier, Eric"]
[Result "1-0"]
[WhiteElo "1340"]
[BlackElo "1499"]
[PlyCount "61"]
[EventDate "2003.10.16"]
[EventType "swiss"]
[EventRounds "6"]
[EventCountry "FRA"]
[SourceTitle "EXT 2008"]
[Source "ChessBase"]
[SourceDate "2007.11.25"]
[SourceVersion "1"]
[SourceVersionDate "2007.11.25"]
[SourceQuality "1"]

1. e4 c5 2. Nf3 Nc6 3. d4 cxd4 4. Nxd4 d6 5. Bc4 Nf6 6. Nc3 e6 7. Bg5 Be7 8. 0-0 0-0 9. Qd2 h6 10. Bxf6 Bxf6 11. Nce2 e5 12. Nb5 Be7 13. Rad1 Qb6 14. Nxd6 Rd8 15. Nxc8 Raxc8 16. Qc3 Bf6 17. Rd5 Rxd5 18. Bxd5 Nd4 19. Qxc8+ Kh7 20. Nxd4 Qxd4 21. Bxf7 Bd8 22. Qf5+ Kh8 23. Bg6 Bf6 24. Qc8+ Bd8 25. Qxb7 Qd6 26. Qf7 Be7 27. h3 a5 28. c4 a4 29. Rc1 Qc5 30. Rd1 Qc7 31. Qe8+ 1-0